000 00788nam a2200289Ia 4500
005 20260324125927.0
008 008 260324s9999 xx 000 0 eng d
020 _a9781003444398
037 _aEBOOK
040 _aCRL
040 _beng
040 _cCRL
041 _2eng
041 _aeng
084 _qCRL
100 _aLenoar Foster; Ronyelle Bertrand Ricard; M. Christopher Brown II
_91179862
245 0 _aEbony Towers in Higher Education
245 4 _bThe Evolution, Mission, and Presidency of Historically Black Colleges and Universities
260 _bTaylor and Francis
260 _c2008
365 _a
365 _b145
856 _uhttp://www.taylorfrancis.com/books/9781003444398
942 _cEBOOK
999 _c1775538
_d1775538